| 000 | 00384nam a2200157Ia 4500 | ||
|---|---|---|---|
| 008 | 230917s9999||||xx |||||||||||||| ||und|| | ||
| 040 |
_e80789 _aMAIN |
||
| 041 | _aEnglish | ||
| 082 | _a346.015 C866P(3) | ||
| 100 | _aCretney, S M | ||
| 245 | 0 | _aPrinciples of family law | |
| 250 | _a3rd ed. | ||
| 260 |
_aLondon _bSweet & Maxwell _c1979 |
||
| 300 | _alviii, 619 p. | ||
| 942 | _cBK | ||
| 999 |
_c202752 _d202752 |
||